Вып. 11; Физика многочастичных систем

Bibliografiske detaljer
Parent link:Физика многочастичных систем: республиканский межведомственный сборник научных трудов/ Академия наук Украинской ССР, Институт теоретической физики. Вып. 11.— , 1982-1991
Sprog:russisk
Udgivet: 1987
Fag:
Format: MixedMaterials Bog
KOHA link:https://koha.lib.tpu.ru/cgi-bin/koha/opac-detail.pl?biblionumber=273319

MARC

LEADER 00000nam2a2200000 4500
001 273319
005 20231101234622.0
035 |a (RuTPU)RU\TPU\book\296528 
090 |a 273319 
100 |a 20141024d1987 k y0rusy50 ca 
101 0 |a rus 
102 |a UA 
105 |a a z 001zy 
200 0 |a Вып. 11 
210 |d 1987 
215 |a 93 с.  |c ил. 
320 |a Библиография в конце статей 
461 1 |0 (RuTPU)RU\TPU\book\129654  |t Физика многочастичных систем  |o республиканский межведомственный сборник научных трудов  |f Академия наук Украинской ССР, Институт теоретической физики  |v Вып. 11  |d 1982-1991 
606 1 |a Физика жидкого состояния  |2 stltpush  |3 (RuTPU)RU\TPU\subj\63717  |9 80695 
610 1 |a коллоидные частицы 
610 1 |a электрическая поляризация 
610 1 |a неупорядоченные системы 
610 1 |a диффузия 
610 1 |a плазма 
610 1 |a электромагнитные свойства 
610 1 |a граничные условия 
610 1 |a жидкие прослойки 
610 1 |a микроструктурные эффекты 
610 1 |a лед 
610 1 |a ориентационные дефекты 
610 1 |a вода 
610 1 |a проводимость 
610 1 |a исследование 
610 1 |a метод Монте-Карло 
610 1 |a жидкости 
610 1 |a молекулярная динамика 
610 1 |a топология 
610 1 |a кристаллы 
610 1 |a квазичастицы 
610 1 |a слабосвязанные состояния 
675 |a 532.7  |v 4 
801 1 |a RU  |b 63413507  |c 20141024 
801 2 |a RU  |b 63413507  |c 20170321  |g RCR 
942 |c BK